Kabale University Library Catalogue

Economic reforms in new democracies : (Record no. 5999)

MARC details
000 -LEADER
fixed length control field 01363cam a2200349 a 4500
001 - CONTROL NUMBER
control field 4868657
003 - CONTROL NUMBER IDENTIFIER
control field OSt
005 - DATE AND TIME OF LATEST TRANSACTION
control field 20260205110314.0
008 - FIXED-LENGTH DATA ELEMENTS--GENERAL INFORMATION
fixed length control field 920430s1993 enka b 001 0 eng
020 ## - INTERNATIONAL STANDARD BOOK NUMBER
International Standard Book Number 0521432596
Qualifying information hardback
020 ## - INTERNATIONAL STANDARD BOOK NUMBER
International Standard Book Number 0521438454
Qualifying information pbk.
020 ## - INTERNATIONAL STANDARD BOOK NUMBER
International Standard Book Number 9780521438452
Qualifying information (pbk.)
040 ## - CATALOGING SOURCE
Original cataloging agency KABLIB
Transcribing agency KABLIB
Language of cataloging eng
Description conventions rda
082 00 - DEWEY DECIMAL CLASSIFICATION NUMBER
Classification number 338.98
Edition number 23
Item number PER
100 1# - MAIN ENTRY--PERSONAL NAME
Personal name Pereira, Luiz Carlos Bresser.
9 (RLIN) 15136
245 10 - TITLE STATEMENT
Title Economic reforms in new democracies :
Remainder of title a social-democratic approach /
Statement of responsibility, etc. Luiz Carlos Bresser Pereira, José María Maravall, Adam Przeworski.
260 ## - PUBLICATION, DISTRIBUTION, ETC.
Place of publication, distribution, etc. Cambridge [England] ;
-- New York
Name of publisher, distributor, etc. Cambridge University Press,
Date of publication, distribution, etc. 1993.
300 ## - PHYSICAL DESCRIPTION
Extent vii, 227 p. :
Other physical details ill. ;
Dimensions 24 cm.
504 ## - BIBLIOGRAPHY, ETC. NOTE
Bibliography, etc. note Includes bibliographical references and indexes.
650 #0 - SUBJECT ADDED ENTRY--TOPICAL TERM
Topical term or geographic name entry element Mixed economy
Geographic subdivision Latin America.
9 (RLIN) 15137
650 #0 - SUBJECT ADDED ENTRY--TOPICAL TERM
Topical term or geographic name entry element New democracies
Geographic subdivision Latin America.
9 (RLIN) 15138
650 #0 - SUBJECT ADDED ENTRY--TOPICAL TERM
Topical term or geographic name entry element Mixed economy
Geographic subdivision Europe, Southern.
9 (RLIN) 15139
650 #0 - SUBJECT ADDED ENTRY--TOPICAL TERM
Topical term or geographic name entry element Democracy
Geographic subdivision Europe, Southern.
9 (RLIN) 15140
650 #0 - SUBJECT ADDED ENTRY--TOPICAL TERM
Topical term or geographic name entry element Post-communism
Geographic subdivision Europe, Eastern.
9 (RLIN) 15141
650 #0 - SUBJECT ADDED ENTRY--TOPICAL TERM
Topical term or geographic name entry element Democracy
Geographic subdivision Europe, Eastern.
9 (RLIN) 15142
651 #0 - SUBJECT ADDED ENTRY--GEOGRAPHIC NAME
Geographic name Latin America
General subdivision Economic policy.
9 (RLIN) 15143
651 #0 - SUBJECT ADDED ENTRY--GEOGRAPHIC NAME
Geographic name Europe, Southern
General subdivision Economic policy.
9 (RLIN) 15144
651 #0 - SUBJECT ADDED ENTRY--GEOGRAPHIC NAME
Geographic name Europe, Eastern
General subdivision Economic policy.
9 (RLIN) 15145
700 1# - ADDED ENTRY--PERSONAL NAME
Personal name Maravall, José María.
9 (RLIN) 15146
700 1# - ADDED ENTRY--PERSONAL NAME
Personal name Przeworski, Adam.
9 (RLIN) 15147
942 ## - ADDED ENTRY ELEMENTS (KOHA)
Source of classification or shelving scheme Dewey Decimal Classification
Koha item type Book
Holdings
Withdrawn status Lost status Source of classification or shelving scheme Damaged status Not for loan Home library Current library Shelving location Date acquired Source of acquisition Total Checkouts Full call number Barcode Date last seen Price effective from Koha item type
    Dewey Decimal Classification     Mukombe Library Mukombe Library Open Access Section 05.02.2026 Donation   338.98 PER 14515 05.02.2026 05.02.2026 Book

Kabale University Library | Kabale University P.O Box 317, Kabale, Uganda
Tel : +256754017033, +256774661503 E-mail : library@kab.ac.ug